000 00283nam a22001217a 4500
008 260428b ||||| |||| 00| 0 eng d
041 _aShqip
080 _a821.1
100 _a40
101 _aRoman
245 _aRrëmbimi i vajzës së këngës
_cRushit Ramabaja
942 _2udc
_cBK
999 _c61015
_d61015